INVESTIGATING BIOLOGY LABORATORY MANUAL (Record no. 217071)

MARC details
000 -LEADER
fixed length control field 00547nam a22001937a 4500
008 - FIXED-LENGTH DATA ELEMENTS--GENERAL INFORMATION
fixed length control field 260429b |||||||| |||| 00| 0 eng d
020 ## - INTERNATIONAL STANDARD BOOK NUMBER
International Standard Book Number 978-1-292-06130-6
050 ## - LIBRARY OF CONGRESS CALL NUMBER
Classification number QH 317.M67 2015
100 ## - MAIN ENTRY--PERSONAL NAME
Personal name MORGAN JUDITH GILES
245 ## - TITLE STATEMENT
Title INVESTIGATING BIOLOGY LABORATORY MANUAL
250 ## - EDITION STATEMENT
Edition statement 8th, GLOBAL EDITION
260 ## - PUBLICATION, DISTRIBUTION, ETC.
Place of publication, distribution, etc. NEWYORK
Name of publisher, distributor, etc. PEARSON PUBLISHERS
Date of publication, distribution, etc. 2015
300 ## - PHYSICAL DESCRIPTION
Extent X,838
500 ## - GENERAL NOTE
General note INCLUDES AN APPENDIX
650 ## - SUBJECT ADDED ENTRY
Topical term or geographic name entry element Biology laboratory manual
700 ## - ADDED ENTRY--PERSONAL NAME
Personal name CARTER ELOISE BROWN M.
942 ## - ADDED ENTRY ELEMENTS (KOHA)
Source of classification or shelving scheme Library of Congress Classification
Koha item type Long Loan Book
Holdings
Withdrawn status Lost status Source of classification or shelving scheme Damaged status Not for loan Collection Home library Current library Shelving location Date acquired Inventory number Total checkouts Full call number Barcode Date last seen Copy number Price effective from Koha item type
    Library of Congress Classification     Science & Technology Kisii University Library Kisii University Library On Display 04/29/2026 113248   QH 317.M67 2015 A001324 04/29/2026 C.1 04/29/2026 Long Loan Book